000 00321nam a2200133Ia 4500
008 100328s9999 xx 000 0 und d
082 _b2600
100 _aFischer Louis
245 _aMen And Politics
260 _bDuell, Sloan And Pearce
630 _aMen And Politics
730 _aMen And Politics
942 _cBOOK
999 _c498811
_d498808